| 000 | 00660nam a2200217 i 4500 | ||
|---|---|---|---|
| 001 | bg | ||
| 245 | 0 | 0 |
_aInformator 2000 - Politechnika Koszalińska / _cPolitechnika Koszalińska. |
| 260 |
_aKoszalin : _bWydaw. PK, _c2000. |
||
| 300 |
_a60 s. : _bfot. kolor. ; _c30 cm. |
||
| 650 | 9 |
_aTechnika _xszkolnictwo wyższe _zPolska |
|
| 651 | 9 |
_aKoszalin (woj. zachodniopomorskie) _xPolitechnika Koszalińska |
|
| 655 | _aInformatory | ||
| 710 | 0 | _aPolitechnika Koszalińska | |
| 020 | _a8388283138 | ||
| 040 | _cBPK | ||
| 041 | 1 |
_aen _hpl |
|
| 080 | _a378.662(438)"20" | ||
| 920 | _a83-88283-13-8 | ||
| 942 | _cKS | ||
| 008 | s pl f |000 0 pol | ||
| 999 |
_c36848 _d36848 |
||
| 856 |
_uhttp://koha.tu.koszalin.pl/cgi-bin/koha/opac-detail.pl?biblionumber=36848 _yKatalog online BPK |
||